Регионална библиотека "Любен Каравелов" - Русе

Из Сибирската тайга (Запис номер 174012)

MARC детайли
000 -Лидер
Контролно поле с фиксирана дължина 01157nam a2200337 c 4500
003 - Код на организацията, давaща контролен номер
Контролно поле BLK
005 - Дата и час на последна редакция
Контролно поле 20180422114626.0
008 - Елементи от данни с фиксирана дължина
fixed length control field 180411b bul|||||r ||||||| ||bul||
010 ## - Наследен системен номер
LC control number KNG00182457000
040 ## - Източник на каталожния запис
Идентификатор на билиотеката - собственик на записа BLK
041 ## - Код за език
Код за езика на текст/звукозапис или на отделно заглавие Български
Код за езика КДБФ Български
080 ## - УДК
Текстов определител УДК География на Русия
УДК код - определител по УДК 913(470)
УДК определител
УДК - код + определител 913(470)
100 1# - Редна дума - Автор
Автор Тилев, Христо Петров
Авторска отговорност първи автор
R(LIN) 382164
139 ## - Редно поле
Редна дума Тилев, Христо Петров
Авторски знак Ти - Т 54
245 10 - Сведения за заглавието
Заглавие Из Сибирската тайга
Редно поле (дума) Христо Петров Тилев.
257 ## - Страна на издаване
Страна на създаване/издаване България
260 ## - Област на издателските данни
-- София
Име на издателя, разпространителя и проч. Нар. просв.
Година на издаване 1964
300 ## - Физическа характеристика
Страници 68 с.
Илюстрации и др. с ил.
Размери/Мащаб 18 см
380 ## - Жанр
Жанр География
490 1# - СЕРИИ (Колекции)
Име на серия Библиотека при Българското географско дружество
№: серия Г. III, кн. 5
500 ## - Общи забележки
Забележка Авт. не е даден на кор.
650 #4 - Допълнително описание по предмет – тема
Основно описание – тема или топоним Сибир
9 (RLIN) 300213
651 #4 - Допълнително описание по предмет - топоним
Географско понятие Сибир
9 (RLIN) 300213
653 ## - Ключова дума – ненормативна
Ключова дума Сибир
653 ## - Ключова дума – ненормативна
Ключова дума тайга
852 ## - Местоположение
Форматна сигнатура Цб І 6800
856 4# - Електронен адрес и достъп
Електронен формат pdf - файл
Път до файла /url/
856 4# - Електронен адрес и достъп
Електронен формат pdf - файл
Път до файла /url/
942 ## - АРТИКУЛИ
Вид на библиотечния материал Книги
Скрит в OPAC Не
944 ## - СЪЗДАВАНЕ И РЕДАКЦИЯ на ЗАПИСА
Създаване/Редакция Създаване
Дата на регистрацията/редакция 21.05.2015
Служител, извършил регистрацията/редакцията Теодора_Стоянова
944 ## - СЪЗДАВАНЕ И РЕДАКЦИЯ на ЗАПИСА
Създаване/Редакция Редакция
Дата на регистрацията/редакция 23.09.2015
Служител, извършил регистрацията/редакцията Теодора_Стоянова
999 ## - СИСТЕМНИ КОНТРОЛНИ НОМЕРА
Koha biblionumber 174012
Koha biblioitemnumber 174012
Наличности
Код за отписване Код за изгубен артикул Източник на класификационната схема Код за повреда Коз за рестрикции Код за отдаване Артикулен № Име на библиотеката - собственик Име на библиотеката, в която се намира в момента Статус (Текущо местоположение) Дата на вписване в системата Местоположение - отдел Цена в лева Инвентарен номер Систематично азбучна сигнатура Баркод Номер на екземпляра Цена в евро Служебна бележка Служебен тип на артикула
  Не е изгубен Universal Decimal Classification Не е повреден без рестрикции ползва се в читалня 298102 Регионална библиотека "Любен Каравелов" Русе Регионална библиотека "Любен Каравелов" Русе Хранилище 1964-01-01 Хранилище 0.10 10159/64 Цб І 6800 900000013353 1 0.05 Дост: Dp Вид: Сф Дата: 01.01.1964 Книги
Изтеглен Не е изгубен Universal Decimal Classification Не е повреден без рестрикции заемане за дома 298103 Регионална библиотека "Любен Каравелов" Русе Регионална библиотека "Любен Каравелов" Русе Заемна - подръчен фонд 1964-01-01 Заемна - подръчен фонд 0.00 9035/64 П 914.70/Т 54 9035/64 2 0.00 Дост: Pk Вид: Сф Дата: 01.01.1964 Книги
Изтеглен Не е изгубен Universal Decimal Classification Не е повреден без рестрикции заемане за дома 298104 Регионална библиотека "Любен Каравелов" Русе Регионална библиотека "Любен Каравелов" Русе Заемна - подръчен фонд 1964-01-01 Заемна - подръчен фонд 0.00 9037/64 П 914.70/Т 54 9037/64 3 0.00 Дост: Pk Вид: Сф Дата: 01.01.1964 Книги
Vip Innovations Ltd, Rousse, Bulgaria 2025